header

Edible oils manual (Record no. 241754)

MARC details
000 -LEADER
fixed length control field 01026nam a2200277 a 4500
245 00 - TITLE STATEMENT
Title Edible oils manual
250 ## - EDITION STATEMENT
Edition statement 2nd ed.
260 ## - PUBLICATION, DISTRIBUTION, ETC. (IMPRINT)
Place of publication Champaign, Ill. :
Name of publisher AOCS Press,
Year of publication [2006?]
300 ## - PHYSICAL DESCRIPTION
Number of Pages 69 p. :
Other physical details ill.
650 #0 - SUBJECT ADDED ENTRY--TOPICAL TERM
Topical Term Oils and fats, Edible.
700 1# - ADDED ENTRY--PERSONAL NAME
Personal name Della Porta, Richard A.
856 40 - ELECTRONIC LOCATION AND ACCESS
Uniform Resource Identifier http://site.ebrary.com/lib/rucke/Doc?id=10500204

No items available.

© 2026 Rongo University
Contact us: librarian | system librarian | Rongo university